000 00710nam a22002657a 4500
999 _c10406
_d10406
001 10406
003 BD-JhCC
005 20180519113757.0
008 180425b20151966ii ||||| |||| 00| 0 eng d
020 _a9789351404934
035 _a(BD-JhCC)10406
040 _aBD-JhCC
_dBD-JhCC
041 _aeng
082 _a621.384
_bGUP 2015
100 _aGupta, Dr. S. L.
245 _aHand Book Of Electronics /
_cDr. S. L. Gupta, Dr. V. Kumar
260 _aNew Dheli :
_bPragati Prakashan,
_c2015.
300 _a1352, various p. :
_bills;
_c25 cm.
650 _aRadar
650 _aRadio--Equipment and supplies
650 _aElectronics
700 _aKumar, Dr. V.
942 _2ddc
_cREF